000 00903nam a22002297a 4500
005 20240321121207.0
008 110803t xxu||||| |||| 00| 0 eng d
010 _aB-756061-066 ENG-139855
020 _a9788183822558
_c295.00
035 _aB-756061-066
035 _aEN-123387
037 _bLotus Press
040 _bEnglish
082 _a483.103
100 _929868
_aGupta, Shabnam
245 _aDictionary of idioms and phrases /
_cShabnam Gupta
260 _aNew Delhi
_bLotus Press
_c2023
270 _a4735/22,, Ansari Road, Darya Ganj
_bNew Delhi
_e110002
_mlotus_press@sify.com
300 _a255p. :
_c22cm (pbk)
_bill.
942 _2ddc
_cEN
_mGUP
_h483.103
999 _c199322
_d199322